Vrchní správce Christoph Philipp Zickel
| Titel: | Vrchní správce Christoph Philipp Zickel : Příspěvek k dějinám správy lobkovického panství Neustadt-Störnstein (1656-1675) |
|---|---|
| Verfasser: | |
| Körperschaft: | |
| In: |
Porta Bohemica, Band 2 (2003), Seite 79-91 alle Artikel anzeigen |
| Veröffentlicht: | 2003 |
| Format: | Aufsatz |
| Sprache: | Tschechisch |
X
alg: 39331084 001A $01999:11-11-16 001B $03025:12-02-26 $t17:53:51.000 001D $01999:11-11-16 001U $0utf8 001X $00 002@ $0Aox 003@ $0393310841 007A $0393310841 $aHEB 007T $0Herdpp080042 010@ $acze 011@ $a2003 021A $aVrchní správce Christoph Philipp Zickel $dPříspěvek k dějinám správy lobkovického panství Neustadt-Störnstein (1656-1675) 028A $aŠípek $dRichard 029F $aps-2003-0015518 031A $d2 $h79-91 $j2003 037A $aRés. něm. s. 91: Oberamtmann Christoph Philipp Zickel. Ein Beitrag zur Verwaltung der Lobkowitz'schen Herrschaft Neustadt-Störnstein (1656-1675) 039B $aIn $8--Abvc--. Porta Bohemica. - Litoměřice : Státní oblastní archiv v Litoměřicích, 2001-2021 $x200300000020000921 $9110372816 044K $#Lobkowicz$7119531402 $8$PLobkowitz$lFamilie [Tp1] $9087871009 045T $aOST $qDE-12 $2FID lok: 39331084 78 exp: 39331084 78 1 #EPN 201B/01 $026-11-17 $t02:53:17.000 201U/01 $0utf8 203@/01 $0789421232 208@/01 $a11-11-16 $be 209A/01 $a/ $f000 $x00 220C/01 $aHerkunft: Hú Av Čr Praha 244Z/01 $#Tschechien $#Tschechische Republik $#Tschechien $#Tschechische Republik $#Tschechenland $#Tschechei Tschechien $#Česká Republika $#Czech Republic $#ČR $74303381-7 $8--Tg1--Tschechien $x01 $9086659812 244Z/01 $2Trx $#Böhmen $#Bohemia $#Czechy $8--Trx--Čechy $x02 $9391188941 244Z/01 $aNeustadt-Störntein DE $x03 244Z/01 $aGeschichte 1656-1675 $x04 244Z/01 $2Trx $#Lobkovicové $#Lobkovic, z $#Lobkowicz von $8--Trx--$PLobkowitz von$lFamilie $x05 $9391071637 244Z/01 $2Trx $8--Trx--Zickel, Christoph Philipp$Z1625-1675 $x06 $9390569496 244Z/01 $2Trx $#ametnikud $#valdininkai $#administrators $#alkalmazott $#urzędnicy $#úradníci $#úředníci $8--Trx--Beamte $x07 $9391380516 244Z/01 $2Trx $#maaomanikud $#feodalizmas $#feudalism $#hübériség $#władztwo terytorialne $#panstvá $#panství $#Feudalismus $#władztwo ziemskie $#feudalizmus $8--Trx--Grundherrschaft $x08 $9391368052 244Z/01 $2Trx $#valitsus üldine $#valdyba bendras $#administration general $#közigazgatás általános $#administracja ogólnie $#správa všeobecne $#správa všeobecně $8--Trx--Verwaltung$gallgemein $x09 $9391358073 244Z/01 $2Trx $8--Trx--Zeitschriftenaufsatz $x10 $9391384341 247C/01 $82080>Marburg/Lahn, Herder-Institut, Forschungsbibliothek, Bibliographieportal $9336309341
| LEADER | 00000caa a22000002c 4500 | ||
|---|---|---|---|
| 001 | 393310841 | ||
| 003 | DE-603 | ||
| 005 | 20260212175351.0 | ||
| 007 | tu | ||
| 008 | 161111s2003 xx |||| | u00||u|cze c | ||
| 035 | |a (DE-599)HEB393310841 | ||
| 040 | |a DE-603 |b ger |c DE-603 |d DE-603 | ||
| 041 | |a cze | ||
| 084 | |a OST |q DE-12 |2 fid | ||
| 100 | 1 | |a Šípek, Richard | |
| 245 | 0 | 0 | |a Vrchní správce Christoph Philipp Zickel |b Příspěvek k dějinám správy lobkovického panství Neustadt-Störnstein (1656-1675) |
| 264 | 0 | |c 2003 | |
| 500 | |a Rés. něm. s. 91: Oberamtmann Christoph Philipp Zickel. Ein Beitrag zur Verwaltung der Lobkowitz'schen Herrschaft Neustadt-Störnstein (1656-1675) | ||
| 600 | 3 | 7 | |a Lobkowitz |c Familie |0 (DE-588)119531402 |0 (DE-603)087871009 |2 gnd |
| 710 | 2 | |a ps-2003-0015518 | |
| 773 | 0 | 8 | |i In |t Porta Bohemica |d Litoměřice : Státní oblastní archiv v Litoměřicích, 2001-2021 |g Band 2 (2003), Seite 79-91 |w (DE-603)110372816 |w (DE-600)2104026-6 |
| 924 | 0 | |9 2080 |a (DE-603)789421232 |b DE-2080 |c HES |d d |g / | |


